000 00442nam a2200169Ia 4500
005 20250508152202.0
008 008 250505s9999 xx 000 0 eng d
037 _aTextual
040 _aFEDL
_beng
_cFEDL
041 _aeng
_2eng
084 _a184, PLA
_qFEDL
245 0 _aPlato's republic
260 _aLondon, UK
_bJ. M. Dent and Sons Ltd.
300 _axli,325p
942 _cTEXL
_h184, PLA
999 _c1334836
_d1334836